| 000 | 00893nam a2200277 a 4500 | ||
|---|---|---|---|
| 001 | vtls000917388 | ||
| 003 | NLI | ||
| 005 | 20210627090526.0 | ||
| 008 | 110906s1951 enka 000 0 eng | ||
| 039 | 9 |
_y201109061741 _zVargis_01 |
|
| 040 | 0 |
_aNLI _beng _cVergis_S _eAACR2 |
|
| 041 | 0 | _aeng | |
| 044 | _aenk | ||
| 084 | _a155 | ||
| 100 | 1 |
_aGwynne-Vaughan, H. C. I. _q(Helen Charlotte Isabella Fraser), _d1879- _9877969 |
|
| 245 | 1 | 4 |
_aThe structure and development of the Fungi / _cby H. C. I. Gwynne-Vaughan and B. Barnes |
| 260 |
_aCambridge, Eng. : _bThe University Press, _c1951 |
||
| 300 |
_axvi, 449 p. : _bill. ; _c23 cm. |
||
| 650 | 0 |
_aFungi _9705340 |
|
| 700 | 1 |
_aBarnes, B. _q(Bertie), _d1888-, _4jt. aut _9877970 |
|
| 887 | _a | ||
| 901 |
_a297160 ; _b15.12.1953 |
||
| 902 | _a155 D 341 | ||
| 949 |
_AVIRTUAITEM _D10000 _X100 _6PUR000297160ENG |
||
| 942 |
_2ddc _cBKS |
||
| 999 |
_aVIRTUA40 _c757635 _d757635 |
||